000 00451nab a2200145Ia 4500
003 ES-SlBCS
005 20210601130903.0
008 140529s1979 xxu||||| |||| 00| 0 fre d
041 _afre
100 1 _aGood, Robert M.
_9134830
245 0 4 _aThe Israelite Royal Steward in the Light of Ugaritic 'l bt
_c Robert M. Good
650 0 4 _aUgarítico
_9134676
773 0 _tRevue Biblique Internacionale
_gvol. 86, 1979, págs. 580-582
_wRev879
942 _cAR
999 _c554132
_d554132